000 00279nam a22001097a 4500
040 _cSK
082 _a343
100 _aនាយកដ្ឋានជលផល
245 _aអត្ថបទច្បាប់ជលផល
260 _aPhnom Penh
_bជលផល
_c1990
942 _cKB
999 _c9933
_d9933